Logique - Mort Subite #20 - Statistiques

Statistiques générales
  • Ce quiz a été pris 194 fois
    65 depuis la dernière actualisation
  • Le résultat moyen est 2 sur 20
Answers on the Grid
Answers color-coded by a green-red scale on the quiz's grid according to % correct below.
Elon Musk
Jack Daniel
Olivia Holt
Antonin Achouri
Grâce Kelly
Mark Zuckerberg
Charlie Bouleau
Albert Einstein
Hello Kitty
Alexis Lebrun
Jenson Button
Harry Potter
Steven Spielberg
Michael Jackson
Charles Leclerc
Kobe Bryant
Ariana Grande
Alex Pereira
Teddy Riner
Celine Dion
Randy Orton
Tiger Woods
Michael Schumacher
Alex Rins
Lucas Scott
Scott Speed
Tristan Hebrard
Katy Perry
Tony Noailly
Lilou Wadoux
Naomi Osaka
Billie Eilish
Jules Bouleau
Britney Spears
Victoria Azarenka
Chloé Tonon Legrand
 
Statistiques - réponses
Réponse % Correct
Alexis Lebrun
29%
Charles Leclerc
29%
Elon Musk
26%
Teddy Riner
23%
Naomi Osaka
19%
Tiger Woods
13%
Ariana Grande
10%
Billie Eilish
6%
Grâce Kelly
6%
Jenson Button
6%
Michael Jackson
6%
Randy Orton
6%
Victoria Azarenka
6%
Hello Kitty
3%
Tristan Hebrard
3%
Alex Rins
0%
Antonin Achouri
0%
Charlie Bouleau
0%
Lucas Scott
0%
Scott Speed
0%
Aucun quiz correspondant
Distribution des résultats
% des personnes avec chaque résultat
Percentile par nombre de réponses
Votre historique - résultats
Vous n’avez pas pris ce quiz depuis la dernière actualisation